000 01778cam a2200313 4500
001 L135880
002 10053
008 061214n2006 000 0 eng u
020 _a1860819036
035 _a(Sirsi) u135880
041 0 _aeng
050 0 4 _a690.24 $2 18
110 2 _aFlood Repair Forum
_95114
245 0 0 _aRepairing flooded buildings
_ban industry guide to investigation and repair
260 _aBracknell
_bBRE Press
_c2006
300 _aviii, 100p.
_c25cm.
350 _a27.50
505 2 _aTechnical competence of the remediation team -- Managing the customer contact process -- Damage reporting and collecting the 'right' information -- A general guide to drying -- Health and safety in flood damage repair -- Equipment for drying buildings -- Methods of drying buildings -- Monitoring the drying process -- Standards for repairing flooded buildings -- Domestic insurance cover -- Small businesses -- Identifying and managing the flooding risk at a property -- Flood protection and flood mitigation products
520 _aDiscusses the drying standards, and the clearance and cleaning for a variety of different buildings and policyholder types. Considers the applicable legal standards and discusses the insurance contract, the notification, and conditions and exclusions.
590 _aKA
650 2 4 _aHEALTH AND SAFETY AT WORK ETC ACT 1974
650 2 4 _aMANAGEMENT OF HEALTH AND SAFETY AT WORK REGULATIONS 1999
650 2 4 _aCONTROL OF SUBSTANCES HAZARDOUS TO HEALTH REGULATIONS 2002
650 2 4 _aPERSONAL PROTECTIVE EQUIPMENT AT WORK REGULATIONS 1992
651 4 _aUnited Kingdom
_y
690 _aENVIRONMENTAL AND LAND CONSULTANCY-WATER RESOURCE MANAGEMENT-FLOODING
690 _aMANAGEMENT-BUSINESS MANAGEMENT-INSURANCE
942 _n0
999 _c106217
_d106217